000
00270nam a2200109 4500
999
_c
11598
_d
11598
003
OSt
005
20230531192159.0
008
230531b ||||| |||| 00| 0 eng d
100
_a
Rupert spade
245
_a
Richard neutra library of contemporary architects
942
_2
ddc